Po roku ministra rok nádeje?

Bibliographic Details
Main Author: Bartošová, Zuzana, 1946- (Author)
Format: Article
Language:Slovak
ISSN:1335-2296
Subjects:

MARC

LEADER 00000nab a2200000 a 4500
001 vtls000652958
003 SK-MaSNL
005 20260304090411.0
008 250425c1998 xo 0 slo
015 |a SNBRA1998/02-05068 
035 |a CLN000005152 
035 |a urn:nbn:sk:snk-aba2qw 
035 |a (urnnbn)urn:nbn:sk:snk:ar-a09aq4 
035 |a (uuid)3b34ba5a-5f28-4a53-91cd-a7c9797e0562 
040 |a SNKBUCL  |b slo  |c SNKBUCL  |e AACR2 
041 0 |a slo 
044 |a xo  |c SK 
080 |a 008(437.6):32  |2 1997 
080 |a 73/76(437.6)  |2 1997 
100 1 |a Bartošová, Zuzana,  |d 1946-  |4 aut  |9 92788 
245 1 0 |a Po roku ministra rok nádeje?  |c Zuzana Bartošová 
650 0 7 |a kultúra  |x politizácia  |z Slovensko  |2 snkbucl  |9 1381369 
650 0 7 |a umenie výtvarné  |x politizácia  |z Slovensko  |2 snkbucl  |9 1381370 
655 7 |a články z novín a časopisov  |2 snkbucl  |9 267496 
773 0 |t OS  |g Č. 2 (1998), s. 70-71  |x 1335-2296 
850 |a Slovenská národná knižnica 
852 |a Slovenská národná knižnica 
954 |a odborná, vedecká literatúra pôvodná (slovenská)  |2 lita 
958 |a article13 
958 |a SK 
958 |a OND 
958 |a EUIPO 
992 |a RBX 
999 |c 2811343  |d 2813273